Geografia Europy na literę B #1 - Statystyki

Ogólne statystyki
  • Ten quiz został rozwiązany 210 razy
  • Średni wynik to 12 z 20
Statystyki odpowiedzi
Wskazówka Odpowiedź % Poprawnych
Morze graniczące z Estonią, Litwą oraz Łotwą od zachodu Bałtyckie
93%
Jedna ze stolic Unii Europejskiej Bruksela
92%
Stolica Katalonii Barcelona
91%
Monachium jest jego stolicą Bawaria
91%
Park narodowy znany z największej na świecie wolnościowej populacji żubra Białowieski
88%
Półwysep, na którym leżała dawna Jugosławia Bałkański
87%
Państwo, którego współczesne tereny leżą na obszarze krainy historycznej Niderlandy Belgia
87%
De facto stolica Szwajcarii Berno
87%
Państwo czasem nazywane "ostatnią dyktaturą w Europie" Białoruś
80%
Cieśnina, która oddziela Azje od Europy Bosfor
67%
Największe jezioro Węgier Balaton
55%
Miasto w północnej Hiszpanii, w którym znajduje się Muzeum Guggenheima Bilbao
53%
Stolica dawnych Niemiec Zachodnich Bonn
53%
Największe miasto na zachodnim wybrzeżu Norwegii Bergen
48%
Francuski region oraz półwysep, jeden z sześciu "narodów celtyckich" Bretania
41%
Zatoka, z którą Francja graniczy od zachodu, a Hiszpania od północy Biskajska
31%
Winiarski region Francji Bordeaux
31%
Jeden z historycznych regionów Czech Bohemia
29%
Angielskie miasto nazwane "Aquae Sulis" przez Rzymian Bath
12%
Najwyższa góra Wielkiej Brytanii Ben Nevis
11%
Nie znaleziono quizów pasujących do podanych kryteriów
Rozkład punktacji
Procent ludzi z każdym wynikiem
Percentyl według liczby udzielonych odpowiedzi
Twoja historia wyników
Nie rozwiązałeś tego quizu